000 00389nam a2200169Ia 4500
008 230524s9999 xx 000 0 und d
020 _a8185749248
082 _a3
_bVER
100 _aA.P.Verma
245 0 _aOperations Research
250 _a1ST
260 _aNEW DELHI
_bKataria
_c2005
300 _aXI;1183
500 _aQuantity Number: 45
650 _aMathematics
942 _cBK
999 _c18940
_d18940